Представление документа в формате RUSMARC

ПолеНазваниеЗначение
  Тип записи a
  Библиографический уровень m
001 Контрольный номер RU/УОНБ/EK_INO/454000574
005 Дата корректировки 20241101133216.5
010 Индекс ISBN __
a ISBN 978-3-7913-7078-1
d Цена 95 р.
b Уточнения в пер.
100 Данные общей обработки __
a Данные общей обработки 20140521d2011 e y0gery018901 ba
101 Язык документа 0_
a Язык текста ger
102 Страна публикации __
a Страна публикации DE
105 Кодированные данные (монография) __
a Кодированные данные (монография) a z 000yy
200 Заглавие и сведения об ответственности 1_
a Заглавие Im Zaubergarten Paul Klee
e Сведения, относящиеся к заглавию Kunst fur Kinder
f Первые сведения об ответственности S. Vry
210 Выходные данные 1_
a Место издания Munchen
a Место издания London
a Место издания New York
c Издательство Prestel
d Дата издания 2011
215 Физическое описание __
a Объем 95, [1] S.
c Иллюстрации/тип воспроизводства Ill.
d Формат 25 cm
300 Общие примечания __
a Общие примечания Кн. получена из Немецкого культурного центра им. Гёте в Москве
600 Персоналии _1
a Персоналии (Фамилия) Клее, Пауль
606 Тематические рубрики 0_
a Основная рубрика Живопись
z Хронологическая подрубрика 19-20 вв.
610 Ключевые слова 0_
a Ключевые слова иллюстрация книжная
686 Индексы других классификаций __
a Классификационный индекс 85.14 Нем
2 Код системы rubbk
700 Автор _1
a Фамилия Vry
b Имя (инициалы) S.
g Полное личное имя Silke
801 Источник записи _0
a Страна RU
b Организация Ульяновская ОНБ
c Дата составления 20140521
g Правила каталогизации RCR
801 Источник записи _1
a Страна RU
b Организация Ульяновская ОНБ
c Дата составления 20140521
g Правила каталогизации RCR
901 Тип документа __
t Тип документа m
909 Создатель записи __
a Создатель записи Узерина
938 Служебная информация __
a Имя БД ino
b Имя библиотеки УОНБ
c Имя АИБС МАРК-SQL
d Номер DOC_ID в БД 14600